000 01677nam a2200421 i 4500
001 38452
003 FlNmELB
005 20241216221601.0
006 m o d |
007 cr cnu||||||||
008 210429s2010 sp a o 000 0 spa d
020 _a9783964561732
_q(e-book)
020 _z9788484895480
035 _a(OCoLC)1252202762
040 _aFINmELB
_bspa
_erda
_cFINmELB
050 4 _aDP269.8.L5
_bC677 2010
080 _a82.09
082 0 4 _a863
_223
100 1 _aCorredera González, María,
_eautor.
245 1 3 _aLa guerra civil española en la novela actual :
_bsilencio y diálogo entre generaciones /
_cMaría Corredera González.
264 1 _aMadrid :
_bIberoamericana,
_c2010.
300 _a1 recurso en línea (228 páginas) :
_bilustraciones
336 _atexto
_btxt
_2rdacontent/spa
337 _acomputadora
_bc
_2rdamedia/spa
338 _arecurso en línea
_bcr
_2rdacarrier/spa
490 1 _aEdiciones de Iberoamericana. Serie A, Historia y crítica de la literatura ;
_v50
650 0 _aSpanish fiction
_y20th century
_xHistory and criticism.
650 4 _aNovela española
_ySiglo 20
_xTemas.
651 4 _aEspaña
_xHistoria
_y1936-1939 (Guerra civil)
_xLiteratura y guerra.
651 0 _aSpain
_xHistory
_yCivil War, 1936-1939
_xLiterature and the war.
655 4 _aLibros electrónicos.
797 2 _aelibro, Corp.
830 0 _aEdiciones de Iberoamericana. Serie A, Historia y crítica de la literatura ;
_v50.
856 4 0 _uhttps://elibro.net/ereader/politecnicointernacional/174844
999 _c38452
_d38452